00559 2200205 4500001002100000005001500021035002000036007000300056008004100059020002200100082001100122084001700133100001800150245007700168250001000245260003800255300002600293650002100319990001300340INLIS00000000000776120260602073250 a0010-0626000001ta260602 | | ind  a978-602-52549-5-6 a155.25 a155.25 ANJ h1 aAnjani, Ratna1 aHealing : Sebuah Proses Penyembuhan Diri dari Luka Batin /cRatna Anjani aCet 1 aKlaten :bPenerbit Jendela,c2023 a152 hlm ;c20 cmebib 4aSelf Improvement a093/2026